[Event "Madrid-chT 2223"]
[Site "Madrid"]
[Date "2023.02.12"]
[Round "9.5"]
[White "Yañez Rodriguez, Wilbert"]
[Black "Yanes Crespo, Javier"]
[Result "0-1"]
[WhiteElo "2103"]
[BlackElo "1971"]
[PlyCount "110"]
[EventDate "2022.11.20"]
[EventType "team-tourn"]
[EventRounds "14"]
[EventCountry "ESP"]
[SourceTitle "Ajedrez en Madrid"]
[Source "lmi"]
[SourceDate "2022.11.21"]
[SourceVersion "1"]
[SourceVersionDate "2023.03.23"]
[SourceQuality "1"]
[WhiteTeam "Alcala de Henares"]
[BlackTeam "Virgen de Atocha"]
[WhiteTeamCountry "ESP"]
[BlackTeamCountry "ESP"]

1. Nf3 d5 2. g3 Nf6 3. Bg2 c5 4. c4 e6 5. O-O d4 6. e3 Nc6 7. exd4 cxd4 8. Re1
Bd6 9. d3 e5 10. Na3 O-O 11. Nc2 a5 12. Rb1 h6 13. a3 Rb8 14. b4 axb4 15. Nxb4
Nxb4 16. axb4 Re8 17. Bd2 b5 18. c5 Bc7 19. Ra1 Bb7 20. Ra7 Bd5 21. Qa1 Ra8 22.
Rxa8 Bxa8 23. Qa6 Qb8 24. Ra1 Bd5 25. Nh4 Bxg2 26. Kxg2 e4 27. Nf5 Be5 28. Re1
exd3 29. f4 Bc7 30. Qc6 Rxe1 31. Bxe1 Qa7 32. Qf3 Qa2+ 33. Kh3 Qe6 34. Qxd3
Qxe1 35. Nxd4 Qxb4 36. c6 Qc5 37. Nxb5 Qxc6 38. f5 Qd5 39. Qxd5 Nxd5 40. Kg4
Be5 41. Kf3 Nc7 42. Na3 Kf8 43. Ke4 Bf6 44. g4 Ke7 45. Nc4 Nb5 46. Kf3 Kd7 47.
Kg3 Kc6 48. h4 Kd5 49. Nb6+ Ke4 50. Nd7 Be5+ 51. Kh3 Nd4 52. Nc5+ Kf3 53. Nd7
Bf6 54. Nf8 Ne2 55. g5 hxg5 0-1

[Event "Madrid-chT 2223"]
[Site "Madrid"]
[Date "2023.02.12"]
[Round "9.6"]
[White "Recuenco Andres, Javier"]
[Black "Candela Martin, Alvaro"]
[Result "1/2-1/2"]
[WhiteElo "1927"]
[BlackElo "1848"]
[PlyCount "105"]
[EventDate "2022.11.20"]
[EventType "team-tourn"]
[EventRounds "14"]
[EventCountry "ESP"]
[SourceTitle "Ajedrez en Madrid"]
[Source "lmi"]
[SourceDate "2022.11.21"]
[SourceVersion "1"]
[SourceVersionDate "2023.03.23"]
[SourceQuality "1"]
[WhiteTeam "Virgen de Atocha"]
[BlackTeam "Alcala de Henares"]
[WhiteTeamCountry "ESP"]
[BlackTeamCountry "ESP"]

1. e4 e5 2. Nf3 Nc6 3. Bc4 Bc5 4. c3 Nf6 5. d4 exd4 6. cxd4 Bb4+ 7. Bd2 Bxd2+
8. Nbxd2 d5 9. exd5 Nxd5 10. Qe2+ Be6 11. O-O O-O 12. Nb3 Nf4 13. Qc2 Nb4 14.
Qc3 Nbd5 15. Qd2 Qf6 16. Ne1 Qg5 17. g3 Nh3+ 18. Kh1 Ne3 19. Bxe6 fxe6 20. Qxe3
Nxf2+ 21. Qxf2 Rxf2 22. Rxf2 Qe3 23. Kg2 a5 24. Nf3 Qe4 25. Re1 Qc6 26. Kg1 Rf8
27. Ne5 Qd5 28. Rxf8+ Kxf8 29. Rd1 b6 30. Kf2 a4 31. Nc1 Qe4 32. Ne2 Qc2 33.
Rc1 Qxb2 34. Rxc7 Qxa2 35. Nd7+ Ke8 36. Nxb6 Qb3 37. Rc6 a3 38. Nc1 Qb2+ 39.
Ke3 a2 40. Nd3 Qa3 41. Rc8+ Kf7 42. Rc7+ Kg6 43. Nc4 Qa6 44. Nce5+ Kh6 45. Ng4+
Kh5 46. Rxg7 Qxd3+ 47. Kxd3 a1=Q 48. h4 Qd1+ 49. Ke4 Qc2+ 50. Ke3 Qb3+ 51. Kf4
Qb8+ 52. Ne5 Qf8+ 53. Rf7 1/2-1/2

[Event "Madrid-chT 2223"]
[Site "Madrid"]
[Date "2023.02.12"]
[Round "9.2"]
[White "Lozano Ramirez, Nestor Favian"]
[Black "Perez Gonzalez, Jose Manuel"]
[Result "1/2-1/2"]
[WhiteElo "2238"]
[BlackElo "2212"]
[PlyCount "57"]
[EventDate "2022.11.20"]
[EventType "team-tourn"]
[EventRounds "14"]
[EventCountry "ESP"]
[SourceTitle "Ajedrez en Madrid"]
[Source "lmi"]
[SourceDate "2022.11.21"]
[SourceVersion "1"]
[SourceVersionDate "2023.03.23"]
[SourceQuality "1"]
[WhiteTeam "Alcorcon Diagonal"]
[BlackTeam "San Fernando de Henares"]
[WhiteTeamCountry "ESP"]
[BlackTeamCountry "ESP"]

1. c4 g6 2. g3 Bg7 3. Bg2 Nf6 4. Nc3 O-O 5. e4 d6 6. Nge2 c5 7. O-O Nc6 8. d3
Rb8 9. h3 Ne8 10. Be3 Nd4 11. Rb1 a5 12. a3 Bd7 13. b4 Nxe2+ 14. Nxe2 axb4 15.
axb4 cxb4 16. Rxb4 b5 17. cxb5 Rxb5 18. Rxb5 Bxb5 19. Qb3 Bd7 20. Rc1 Nf6 21.
Qb7 Qa5 22. d4 Re8 23. Nf4 h6 24. Rc7 e5 25. dxe5 dxe5 26. Nd5 Be6 27. Kh2 Qa2
28. Nxf6+ Bxf6 29. Ba7 1/2-1/2

[Event "Madrid-chT 2223"]
[Site "Madrid"]
[Date "2023.02.12"]
[Round "9.3"]
[White "Garrido Olivares, Ricard"]
[Black "Cubas Cabrera, Angel Luis"]
[Result "1-0"]
[WhiteElo "2186"]
[BlackElo "2199"]
[PlyCount "219"]
[EventDate "2022.11.20"]
[EventType "team-tourn"]
[EventRounds "14"]
[EventCountry "ESP"]
[SourceTitle "Ajedrez en Madrid"]
[Source "lmi"]
[SourceDate "2022.11.21"]
[SourceVersion "1"]
[SourceVersionDate "2023.03.23"]
[SourceQuality "1"]
[WhiteTeam "San Fernando de Henares"]
[BlackTeam "Alcorcon Diagonal"]
[WhiteTeamCountry "ESP"]
[BlackTeamCountry "ESP"]

1. d4 Nf6 2. Nf3 e6 3. e3 b6 4. Bd3 Bb7 5. O-O Be7 6. c4 O-O 7. Nc3 d5 8. b3
Nbd7 9. Bb2 c5 10. cxd5 Nxd5 11. Nxd5 Bxd5 12. Rc1 cxd4 13. Nxd4 Rc8 14. e4 Bb7
15. Qe2 Nc5 16. Bb1 Bf6 17. Rfd1 Qe7 18. f4 Bxd4+ 19. Bxd4 Nd7 20. e5 g6 21.
Bf2 Nb8 22. Bd3 Qa3 23. Rxc8 Rxc8 24. Bb1 Rc1 25. Qd2 Rxd1+ 26. Qxd1 Bd5 27.
Qd2 Nc6 28. h3 Qb4 29. Qxb4 Nxb4 30. Be1 Nc6 31. Bc3 b5 32. Bd3 a6 33. Kf2 h5
34. g4 hxg4 35. hxg4 Kf8 36. Ke3 Ke7 37. Bd4 Kd7 38. Bc5 Nb8 39. Bc2 Kc6 40.
Bd6 Nd7 41. Bb4 Kb6 42. Bd1 Nb8 43. Bd6 Nc6 44. Bc2 a5 45. f5 gxf5 46. gxf5
exf5 47. Bxf5 a4 48. Bc2 axb3 49. axb3 Be6 50. b4 Bc4 51. Ke4 Nd8 52. Kf5 Kc6
53. Kf6 Kd7 54. Bd1 Ke8 55. Bf3 Kd7 56. Be4 Nc6 57. Bf5+ Ke8 58. Bc8 Nd8 59.
Bg4 Ne6 60. Bf3 Nd8 61. Ba8 Kd7 62. Bf3 Ke8 63. Be7 Kd7 64. Bxd8 Kxd8 65. Bc6
Be6 66. Bxb5 Bb3 67. Bc6 Bc4 68. Bf3 Ke8 69. Bh5 Kf8 70. Bg4 Ke8 71. Bf5 Kd8
72. Bc2 Kd7 73. Be4 Kc7 74. Bc2 Kd7 75. Ba4+ Kd8 76. Bc6 Be6 77. b5 Kc7 78. Ke7
Bb3 79. Be8 Bc4 80. Bd7 Bb3 81. Bc6 Ba2 82. Kf6 Bc4 83. Kf5 Kb6 84. Kf6 Kc7 85.
Be8 Kb6 86. Bd7 Kc7 87. Ke7 Bb3 88. Be8 Bc4 89. b6+ Kxb6 90. Bxf7 Be2 91. Kd6
Bg4 92. Bd5 Bf5 93. Bc6 Bg4 94. Bd7 Bh5 95. e6 Bg4 96. e7 Bh5 97. Ba4 Bg6 98.
Kd7 Kc5 99. Ke6 Bh5 100. Bc2 Be8 101. Bh7 Kc6 102. Bg8 Kc7 103. Bf7 Bd7+ 104.
Kf6 Kd6 105. Bh5 Bb5 106. Kf7 Bc4+ 107. Kf8 Bb5 108. Be8 Be2 109. Ba4 Bh5 110.
Bb3 1-0

[Event "Madrid-chT 2223"]
[Site "Madrid"]
[Date "2023.02.12"]
[Round "9.4"]
[White "Horcajuelo Rocamora, Martin"]
[Black "Jimenez Lopez, Antonio"]
[Result "0-1"]
[WhiteElo "2075"]
[BlackElo "2219"]
[PlyCount "118"]
[EventDate "2022.11.20"]
[EventType "team-tourn"]
[EventRounds "14"]
[EventCountry "ESP"]
[SourceTitle "Ajedrez en Madrid"]
[Source "lmi"]
[SourceDate "2022.11.21"]
[SourceVersion "1"]
[SourceVersionDate "2023.03.23"]
[SourceQuality "1"]
[WhiteTeam "Alcorcon Diagonal"]
[BlackTeam "San Fernando de Henares"]
[WhiteTeamCountry "ESP"]
[BlackTeamCountry "ESP"]

1. d4 Nf6 2. c4 g6 3. Nc3 Bg7 4. e4 d6 5. Be2 O-O 6. Be3 c5 7. d5 e6 8. Nf3
exd5 9. cxd5 Bg4 10. Nd2 Bxe2 11. Qxe2 Re8 12. O-O Na6 13. h3 Rb8 14. Bg5 h6
15. Bh4 Qd7 16. a4 Nb4 17. Qf3 Nh7 18. Rac1 Ng5 19. Bxg5 hxg5 20. Qg3 Be5 21.
Qf3 a6 22. a5 Kg7 23. Nc4 Qe7 24. Nxe5 Qxe5 25. Rcd1 b6 26. axb6 Rxb6 27. Rd2
Rb7 28. Qg4 Qf4 29. Qd1 Rh8 30. g3 Qf6 31. Qg4 c4 32. e5 Qxe5 33. Qxc4 Rxh3 34.
Kg2 Rh8 35. Re2 Qf5 36. Qd4+ f6 37. g4 Qd3 38. Qe3 Nxd5 39. Qxd3 Nf4+ 40. Kg1
Nxd3 41. Rd2 Ne5 42. Rxd6 Rb4 43. f3 Rxb2 44. Rf2 Rh1+ 45. Kxh1 Rxf2 46. Ne4
Rxf3 47. Rxa6 Rf4 48. Nd6 Nxg4 49. Ra7+ Kh6 50. Kg2 Ne3+ 51. Kh2 Kh5 52. Re7
Nf5 53. Rh7+ Kg4 54. Nf7 Rf2+ 55. Kg1 Ra2 56. Rh2 Rxh2 57. Kxh2 Kf3 58. Kg1 g4
59. Nd8 Nd4 0-1

[Event "Madrid-chT 2223"]
[Site "Madrid"]
[Date "2023.02.12"]
[Round "9.5"]
[White "Nuñez Miranda, Adrian"]
[Black "Aguilera Lopez, Alejandro"]
[Result "0-1"]
[WhiteElo "2149"]
[BlackElo "2211"]
[PlyCount "138"]
[EventDate "2022.11.20"]
[EventType "team-tourn"]
[EventRounds "14"]
[EventCountry "ESP"]
[SourceTitle "Ajedrez en Madrid"]
[Source "lmi"]
[SourceDate "2022.11.21"]
[SourceVersion "1"]
[SourceVersionDate "2023.03.23"]
[SourceQuality "1"]
[WhiteTeam "San Fernando de Henares"]
[BlackTeam "Alcorcon Diagonal"]
[WhiteTeamCountry "ESP"]
[BlackTeamCountry "ESP"]

1. e4 c5 2. d4 cxd4 3. c3 Nf6 4. e5 Nd5 5. Nf3 Nc6 6. cxd4 d6 7. Bc4 Nb6 8. Bb5
dxe5 9. Nxe5 Bd7 10. Nxd7 Qxd7 11. Nc3 e6 12. O-O Be7 13. Qg4 O-O 14. Bh6 Qxd4
15. Qxd4 Nxd4 16. Be3 Nc2 17. Rac1 Nxe3 18. fxe3 a6 19. Be2 Rad8 20. Bf3 Bg5
21. Nd1 Nd5 22. Kf2 b5 23. Ke2 Bf6 24. a3 Rc8 25. Rxc8 Rxc8 26. Bxd5 exd5 27.
Kd3 Rc1 28. Kd2 Rc6 29. Rf5 Rd6 30. Kd3 g6 31. Rf2 Be5 32. h3 Rc6 33. Rd2 Kg7
34. Ke2 Rd6 35. Nf2 f5 36. Nd3 Bf6 37. Rc2 d4 38. Rc7+ Kh6 39. exd4 Bxd4 40. b3
g5 41. a4 bxa4 42. bxa4 Re6+ 43. Kd2 g4 44. Rc4 Be3+ 45. Kc3 Kg5 46. hxg4 fxg4
47. Rc7 h5 48. Nb4 Bb6 49. Rd7 h4 50. a5 Bg1 51. Rd1 Bf2 52. Rf1 Be1+ 53. Kc4
Bxb4 54. Kxb4 h3 55. gxh3 gxh3 56. Kc4 h2 57. Kd4 Rh6 58. Rh1 Kf4 59. Kd5 Kg3
60. Ke5 Kg2 61. Rb1 h1=Q 62. Rb2+ Kg3 63. Rb3+ Qf3 64. Rd3 Rh5+ 65. Kd4 Rd5+
66. Kc3 Qxd3+ 67. Kb2 Rb5+ 68. Ka2 Qc2+ 69. Ka3 Qb3# 0-1

[Event "Madrid-chT 2223"]
[Site "Madrid"]
[Date "2023.02.12"]
[Round "9.6"]
[White "Rey Martinez, Jaime"]
[Black "Del Valle Cirera, Adria"]
[Result "1-0"]
[WhiteElo "2251"]
[BlackElo "2092"]
[PlyCount "49"]
[EventDate "2022.11.20"]
[EventType "team-tourn"]
[EventRounds "14"]
[EventCountry "ESP"]
[SourceTitle "Ajedrez en Madrid"]
[Source "lmi"]
[SourceDate "2022.11.21"]
[SourceVersion "1"]
[SourceVersionDate "2023.03.23"]
[SourceQuality "1"]
[WhiteTeam "Alcorcon Diagonal"]
[BlackTeam "San Fernando de Henares"]
[WhiteTeamCountry "ESP"]
[BlackTeamCountry "ESP"]

1. e4 c5 2. Nf3 e6 3. d4 cxd4 4. Nxd4 Nf6 5. Bd3 Nc6 6. Nxc6 bxc6 7. O-O e5 8.
c4 Be7 9. f4 d6 10. Nc3 O-O 11. h3 exf4 12. Bxf4 Qb6+ 13. Kh1 Qxb2 14. e5 Qxc3
15. Rc1 Qa5 16. exf6 Bxf6 17. Bxd6 Be6 18. Bxf8 Rxf8 19. Qf3 Be5 20. Rce1 g6
21. Qxc6 Rd8 22. Qf3 Qc3 23. Rd1 Bc7 24. Be2 Rxd1 25. Qxc3 1-0

[Event "Madrid-chT 2223"]
[Site "Madrid"]
[Date "2023.02.12"]
[Round "9.1"]
[White "Reyes Larena, Juan"]
[Black "Martinez Reyes, Pedro Ramon"]
[Result "1-0"]
[WhiteElo "2434"]
[BlackElo "2384"]
[PlyCount "30"]
[EventDate "2022.11.20"]
[EventType "team-tourn"]
[EventRounds "14"]
[EventCountry "ESP"]
[SourceTitle "Ajedrez en Madrid"]
[Source "lmi"]
[SourceDate "2022.11.21"]
[SourceVersion "1"]
[SourceVersionDate "2023.03.23"]
[SourceQuality "1"]
[WhiteTeam "San Sebastian de los Reyes"]
[BlackTeam "Blanco y Negro"]
[WhiteTeamCountry "ESP"]
[BlackTeamCountry "ESP"]

1. e4 e6 2. d3 d5 3. Nd2 Nf6 4. Ngf3 Be7 5. g3 c5 6. Bg2 Nc6 7. O-O O-O 8. Re1
Qc7 9. e5 Ng4 10. Qe2 Nh6 11. Nf1 Nf5 12. c3 h6 13. h4 b5 14. Bf4 Bb7 15. N1h2
Rfd8 1-0

[Event "Madrid-chT 2223"]
[Site "Madrid"]
[Date "2023.02.12"]
[Round "9.2"]
[White "Hidalgo Duque, Carlos"]
[Black "Rottenwohrer Suarez, Juan"]
[Result "1/2-1/2"]
[WhiteElo "2236"]
[BlackElo "2317"]
[PlyCount "59"]
[EventDate "2022.11.20"]
[EventType "team-tourn"]
[EventRounds "14"]
[EventCountry "ESP"]
[SourceTitle "Ajedrez en Madrid"]
[Source "lmi"]
[SourceDate "2022.11.21"]
[SourceVersion "1"]
[SourceVersionDate "2023.03.23"]
[SourceQuality "1"]
[WhiteTeam "Blanco y Negro"]
[BlackTeam "San Sebastian de los Reyes"]
[WhiteTeamCountry "ESP"]
[BlackTeamCountry "ESP"]

1. Nf3 Nf6 2. c4 e6 3. g3 d5 4. d4 dxc4 5. Bg2 a6 6. O-O Nc6 7. Nc3 Rb8 8. e4
Be7 9. Qe2 Nxd4 10. Nxd4 Qxd4 11. Rd1 Qc5 12. Be3 Qa5 13. Qxc4 O-O 14. a4 c6
15. Rab1 b5 16. b4 Qc7 17. axb5 axb5 18. Qb3 e5 19. Rbc1 Qb7 20. Rd2 Be6 21.
Nd5 Bd8 22. Nxf6+ Bxf6 23. Qc3 Rfd8 24. Rxd8+ Rxd8 25. Qxc6 Rd1+ 26. Bf1 Qxc6
27. Rxc6 Rb1 28. Kg2 g5 29. Bc5 Re1 30. Be3 1/2-1/2

[Event "Madrid-chT 2223"]
[Site "Madrid"]
[Date "2023.02.12"]
[Round "9.3"]
[White "Alfaya Marcelo, Roberto"]
[Black "Alarcia Astiz, Carlos"]
[Result "1/2-1/2"]
[WhiteElo "2230"]
[BlackElo "2259"]
[PlyCount "60"]
[EventDate "2022.11.20"]
[EventType "team-tourn"]
[EventRounds "14"]
[EventCountry "ESP"]
[SourceTitle "Ajedrez en Madrid"]
[Source "lmi"]
[SourceDate "2022.11.21"]
[SourceVersion "1"]
[SourceVersionDate "2023.03.23"]
[SourceQuality "1"]
[WhiteTeam "San Sebastian de los Reyes"]
[BlackTeam "Blanco y Negro"]
[WhiteTeamCountry "ESP"]
[BlackTeamCountry "ESP"]

1. d4 Nf6 2. c4 e6 3. Nf3 d5 4. e3 Be7 5. b3 O-O 6. Bb2 b6 7. Bd3 Bb7 8. O-O
Nbd7 9. Nc3 c5 10. Rc1 Rc8 11. Qe2 Ne4 12. cxd5 exd5 13. Rfd1 Nxc3 14. Rxc3 Bf6
15. Bb1 Qe7 16. Rc2 Rfd8 17. Rdc1 Nf8 18. Ba3 Ne6 19. Qb5 g6 20. Ne1 Bxd4 21.
exd4 Nxd4 22. Qf1 Nxc2 23. Bxc2 Qf6 24. Bd3 Rc7 25. Rb1 Re7 26. Bb2 d4 27. Bc1
Rde8 28. Bd2 Be4 29. Bxe4 Rxe4 30. Nf3 Re2 1/2-1/2

[Event "Madrid-chT 2223"]
[Site "Madrid"]
[Date "2023.02.12"]
[Round "9.4"]
[White "Lang, Zalan Andreas"]
[Black "Quevedo Marin, Manuel"]
[Result "1/2-1/2"]
[WhiteElo "2218"]
[BlackElo "2168"]
[PlyCount "62"]
[EventDate "2022.11.20"]
[EventType "team-tourn"]
[EventRounds "14"]
[EventCountry "ESP"]
[SourceTitle "Ajedrez en Madrid"]
[Source "lmi"]
[SourceDate "2022.11.21"]
[SourceVersion "1"]
[SourceVersionDate "2023.03.23"]
[SourceQuality "1"]
[WhiteTeam "Blanco y Negro"]
[BlackTeam "San Sebastian de los Reyes"]
[WhiteTeamCountry "ESP"]
[BlackTeamCountry "ESP"]

1. d4 Nf6 2. c4 e6 3. Nf3 d5 4. Nc3 Be7 5. Bg5 h6 6. Bh4 Ne4 7. Bxe7 Qxe7 8.
Qc2 Nxc3 9. Qxc3 O-O 10. g3 Nc6 11. Bg2 dxc4 12. O-O Rb8 13. Qxc4 e5 14. d5 Nd8
15. e4 c5 16. Qc3 Re8 17. Nd2 b6 18. f4 Ba6 19. Rf2 Nb7 20. Bf1 Bxf1 21. Raxf1
Nd6 22. f5 f6 23. Qd3 b5 24. b3 Rec8 25. Rc1 Qd8 26. Qe3 Qb6 27. a4 c4 28. Qxb6
Rxb6 29. Rf3 a6 30. a5 Rb7 31. b4 Rbc7 1/2-1/2

[Event "Madrid-chT 2223"]
[Site "Madrid"]
[Date "2023.02.12"]
[Round "9.5"]
[White "Martinez Fernandez, Raul"]
[Black "Renteria Becerra, Jorge Elicer"]
[Result "1/2-1/2"]
[WhiteElo "2245"]
[BlackElo "2209"]
[PlyCount "88"]
[EventDate "2022.11.20"]
[EventType "team-tourn"]
[EventRounds "14"]
[EventCountry "ESP"]
[SourceTitle "Ajedrez en Madrid"]
[Source "lmi"]
[SourceDate "2022.11.21"]
[SourceVersion "1"]
[SourceVersionDate "2023.03.23"]
[SourceQuality "1"]
[WhiteTeam "San Sebastian de los Reyes"]
[BlackTeam "Blanco y Negro"]
[WhiteTeamCountry "ESP"]
[BlackTeamCountry "ESP"]

1. e4 c5 2. Nf3 d6 3. d4 cxd4 4. Nxd4 Nf6 5. Nc3 a6 6. h3 e5 7. Nde2 h5 8. g3
Be7 9. Bg2 Nbd7 10. a4 b6 11. Nd5 Nxd5 12. Qxd5 Rb8 13. Nc3 Bb7 14. Qd1 h4 15.
O-O hxg3 16. fxg3 Nf6 17. Bg5 b5 18. axb5 axb5 19. Bxf6 Bxf6 20. Nd5 Bxd5 21.
Qxd5 O-O 22. Ra6 Be7 23. Rf2 Qc7 24. Rc6 Qa7 25. Bf1 Bg5 26. Kg2 Be3 27. Rf3
Bc5 28. c3 b4 29. Ra6 Qe7 30. b3 bxc3 31. Rxc3 Rb7 32. Bc4 Ra7 33. Ra4 g6 34.
Rf3 Kg7 35. h4 Qb7 36. Qxb7 Rxb7 37. Bd5 Rbb8 38. g4 f6 39. Ra1 Rb4 40. Raf1
Rbb8 41. Rg3 Rbd8 42. Rh1 Rde8 43. h5 gxh5 44. gxh5+ Kh6 1/2-1/2

[Event "Madrid-chT 2223"]
[Site "Madrid"]
[Date "2023.02.12"]
[Round "9.6"]
[White "Cubillo Muñoz, Miguel"]
[Black "Hernandez Ramos, David"]
[Result "1-0"]
[WhiteElo "2151"]
[BlackElo "2104"]
[PlyCount "79"]
[EventDate "2022.11.20"]
[EventType "team-tourn"]
[EventRounds "14"]
[EventCountry "ESP"]
[SourceTitle "Ajedrez en Madrid"]
[Source "lmi"]
[SourceDate "2022.11.21"]
[SourceVersion "1"]
[SourceVersionDate "2023.03.23"]
[SourceQuality "1"]
[WhiteTeam "Blanco y Negro"]
[BlackTeam "San Sebastian de los Reyes"]
[WhiteTeamCountry "ESP"]
[BlackTeamCountry "ESP"]

1. e4 e6 2. d4 d5 3. Nc3 Nf6 4. e5 Nfd7 5. Nf3 c5 6. dxc5 Nc6 7. Bf4 Bxc5 8.
Bd3 f6 9. exf6 Nxf6 10. O-O O-O 11. Na4 Bd6 12. Bxd6 Qxd6 13. c4 Bd7 14. Nc3
Rad8 15. Qe2 Rfe8 16. Rad1 Qf4 17. Rfe1 Nb4 18. Ne5 Nxd3 19. Qxd3 Bc6 20. b4
Nd7 21. Nxd7 Rxd7 22. b5 dxc4 23. Qe2 Rd3 24. Rxd3 cxd3 25. Qxd3 Rf8 26. f3 Be8
27. Rxe6 Qc1+ 28. Kf2 Bg6 29. Qe3 Qb2+ 30. Kg3 Bf7 31. Re7 Rc8 32. Rxb7 h5 33.
Qe7 Rf8 34. Ne4 Qc1 35. Ng5 h4+ 36. Kh3 Qc8+ 37. Kxh4 Qc4+ 38. Kg3 Qd3 39. Nxf7
Qg6+ 40. Ng5 1-0

[Event "Madrid-chT 2223"]
[Site "Madrid"]
[Date "2023.02.11"]
[Round "9.1"]
[White "Moreno Trujillo, Alejandro"]
[Black "Vazquez Igarza, Renier"]
[Result "1/2-1/2"]
[WhiteElo "2498"]
[BlackElo "2544"]
[PlyCount "74"]
[EventDate "2022.11.20"]
[EventType "team-tourn"]
[EventRounds "14"]
[EventCountry "ESP"]
[SourceTitle "Ajedrez en Madrid"]
[Source "lmi"]
[SourceDate "2022.11.21"]
[SourceVersion "1"]
[SourceVersionDate "2023.03.23"]
[SourceQuality "1"]
[WhiteTeam "Villalba 64"]
[BlackTeam "Collado Villalba"]
[WhiteTeamCountry "ESP"]
[BlackTeamCountry "ESP"]

1. d4 Nf6 2. c4 c6 3. Bf4 g6 4. Nc3 d6 5. e3 Nbd7 6. h4 e5 7. Bh2 Bg7 8. Nf3
Ng4 9. Bg3 Ndf6 10. dxe5 Nh5 11. Bh2 Nxh2 12. Rxh2 dxe5 13. Qxd8+ Kxd8 14. Be2
Ke7 15. Nd2 f5 16. O-O-O Rd8 17. Rg1 Nf6 18. h5 gxh5 19. Bxh5 Be6 20. Be2 h6
21. g4 Nxg4 22. f3 Nxh2 23. Rxg7+ Kf6 24. Rg2 Nxf3 25. Nxf3 Rg8 26. Rh2 Rg6 27.
Kd2 Rh8 28. Nh4 Rg3 29. Nf3 h5 30. Ke1 h4 31. Kf2 Rg4 32. b3 e4 33. Nd4 Rg7 34.
Bf1 Bd7 35. c5 Ke5 36. Nde2 Be8 37. Nf4 Rd7 1/2-1/2

[Event "Madrid-chT 2223"]
[Site "Madrid"]
[Date "2023.02.11"]
[Round "9.2"]
[White "Pulvett Marin, Daniel Eduardo"]
[Black "Valles Moreno, Ivan"]
[Result "1/2-1/2"]
[WhiteElo "2507"]
[BlackElo "2341"]
[PlyCount "23"]
[EventDate "2022.11.20"]
[EventType "team-tourn"]
[EventRounds "14"]
[EventCountry "ESP"]
[SourceTitle "Ajedrez en Madrid"]
[Source "lmi"]
[SourceDate "2022.11.21"]
[SourceVersion "1"]
[SourceVersionDate "2023.03.23"]
[SourceQuality "1"]
[WhiteTeam "Collado Villalba"]
[BlackTeam "Villalba 64"]
[WhiteTeamCountry "ESP"]
[BlackTeamCountry "ESP"]

1. d4 Nf6 2. c4 g6 3. Nc3 Bg7 4. e4 d6 5. Nf3 O-O 6. Be2 c5 7. d5 e6 8. h3 exd5
9. exd5 Bf5 10. O-O Ne4 11. Nxe4 Bxe4 12. Ng5 1/2-1/2

[Event "Madrid-chT 2223"]
[Site "Madrid"]
[Date "2023.02.11"]
[Round "9.3"]
[White "Adan Bermudez, Sergio"]
[Black "Alonso Garcia, Aaron"]
[Result "0-1"]
[WhiteElo "2344"]
[BlackElo "2424"]
[PlyCount "94"]
[EventDate "2022.11.20"]
[EventType "team-tourn"]
[EventRounds "14"]
[EventCountry "ESP"]
[SourceTitle "Ajedrez en Madrid"]
[Source "lmi"]
[SourceDate "2022.11.21"]
[SourceVersion "1"]
[SourceVersionDate "2023.03.23"]
[SourceQuality "1"]
[WhiteTeam "Villalba 64"]
[BlackTeam "Collado Villalba"]
[WhiteTeamCountry "ESP"]
[BlackTeamCountry "ESP"]

1. Nf3 c5 2. c4 Nc6 3. b3 e5 4. Nc3 g6 5. Bb2 Bg7 6. e3 Nge7 7. h4 h6 8. Nd5 d6
9. Be2 f5 10. d3 O-O 11. e4 Nxd5 12. cxd5 Nd4 13. Nxd4 exd4 14. Bf3 fxe4 15.
dxe4 a5 16. h5 g5 17. O-O Be5 18. g3 a4 19. Bg4 b5 20. Rb1 Bxg4 21. Qxg4 Qc8
22. Qxc8 Raxc8 23. Bc1 Rf3 24. Kg2 g4 25. bxa4 bxa4 26. Rb6 c4 27. Bf4 Bxf4 28.
gxf4 c3 29. e5 c2 30. exd6 d3 31. d7 Rd8 32. Re1 Rxf4 33. Re8+ Rf8 34. Re7
Rxf2+ 35. Kxf2 c1=Q 36. Rg6+ Kf8 37. Re8+ Kf7 38. Rxd8 Qc5+ 39. Kf1 d2 40. Ke2
Qe7+ 41. Kxd2 Qxd8 42. Rxh6 Qg5+ 43. Kc3 Qxd5 44. Rh7+ Kg8 45. Rh6 Qxd7 46.
Rg6+ Kh7 47. Kb4 g3 0-1

[Event "Madrid-chT 2223"]
[Site "Madrid"]
[Date "2023.02.11"]
[Round "9.4"]
[White "Lianes Garcia, Marcos"]
[Black "Perdomo Araujo, Angel Eduardo"]
[Result "1-0"]
[WhiteElo "2411"]
[BlackElo "2059"]
[PlyCount "89"]
[EventDate "2022.11.20"]
[EventType "team-tourn"]
[EventRounds "14"]
[EventCountry "ESP"]
[SourceTitle "Ajedrez en Madrid"]
[Source "lmi"]
[SourceDate "2022.11.21"]
[SourceVersion "1"]
[SourceVersionDate "2023.03.23"]
[SourceQuality "1"]
[WhiteTeam "Collado Villalba"]
[BlackTeam "Villalba 64"]
[WhiteTeamCountry "ESP"]
[BlackTeamCountry "ESP"]

1. d4 Nf6 2. c4 g6 3. Nc3 d5 4. Nf3 Bg7 5. Bf4 c5 6. dxc5 Qa5 7. cxd5 Nxd5 8.
Qxd5 Bxc3+ 9. Bd2 Be6 10. Bxc3 Qxc3+ 11. bxc3 Bxd5 12. O-O-O Bxa2 13. e4 O-O
14. Kb2 Be6 15. Ng5 Bd7 16. Bc4 e6 17. e5 Bc6 18. Rhe1 h6 19. Ne4 Kg7 20. Nf6
Bxg2 21. f4 Na6 22. Rd2 Bc6 23. Bxa6 bxa6 24. Ra1 Rab8+ 25. Kc2 Bb5 26. c4 Bc6
27. Rxa6 Rfc8 28. Rd6 Bh1 29. Rxa7 Rb7 30. Rxb7 Bxb7 31. Rb6 Bg2 32. Kc3 Rxc5
33. Rb8 h5 34. Kb4 Rc6 35. Kb5 Bf3 36. h4 Bg2 37. Rd8 Kh6 38. Rh8+ Kg7 39. Rg8+
Kh6 40. Ne8 Kh7 41. Rg7+ Kh8 42. Rxf7 Kg8 43. Rf6 Kh7 44. Nd6 Rc7 45. Rxe6 1-0